[Event "GBR-ch90"]
[Site "Edinburgh"]
[Date "2003.07.22"]
[Round "2.3"]
[White "Neelotpal, Das"]
[Black "Rowson, Jonathan"]
[Result "1/2-1/2"]
[WhiteElo "2462"]
[BlackElo "2536"]
[PlyCount "118"]
[EventDate "2003.07.21"]
[EventType "swiss"]
[EventRounds "11"]
[EventCountry "GBR"]
[SourceTitle "BritBase"]
[Source "John Saunders"]
[SourceDate "2008.07.14"]
[SourceVersion "1"]
[SourceVersionDate "2008.07.14"]
[SourceQuality "2"]

1. e4 c5 2. Nf3 d6 3. d4 cxd4 4. Nxd4 Nf6 5. Nc3 a6 6. Be2 e5 7. Nb3 Be7 8. O-O
O-O 9. Kh1 b6 10. Be3 Bb7 11. f3 b5 12. Qd2 Nbd7 13. Rfd1 b4 14. Nd5 Bxd5 15.
exd5 Nb6 16. Bxb6 Qxb6 17. a4 a5 18. Bb5 Qa7 19. Re1 Bd8 20. Bc6 Rc8 21. c3
bxc3 22. bxc3 Bb6 23. c4 e4 24. Qf4 Qe7 25. fxe4 h5 26. Qg5 Rc7 27. e5 dxe5 28.
Qxe5 Qb4 29. c5 Ng4 30. Qg3 Ba7 31. Qxc7 Bb8 32. Qe7 g6 33. d6 Qxb3 34. Bf3
Nf2+ 35. Kg1 Nd3 36. Re3 Qb2 37. Rd1 Qf2+ 38. Kh1 Nf4 39. d7 Bc7 40. Re4 Nd3
41. Re2 Qd4 42. Qe4 Nf2+ 43. Rxf2 Qxf2 44. Qc6 Bd8 45. Qd6 h4 46. c6 Qb6 47.
Qd4 Qb8 48. Bd5 Kh7 49. Be4 Bc7 50. Qf6 Qb4 51. Bd5 Qxa4 52. Rf1 h3 53. gxh3
Qc2 54. Qh4+ Kg8 55. Bxf7+ Kg7 56. Qf6+ Kh6 57. Qh4+ Kg7 58. Qd4+ Kh6 59. Qh4+
Kg7 1/2-1/2

[Event "GBR-ch90"]
[Site "Edinburgh"]
[Date "2003.07.22"]
[Round "2.4"]
[White "Sundararajan, Kidambi"]
[Black "Motwani, Paul"]
[Result "1/2-1/2"]
[WhiteElo "2442"]
[BlackElo "2525"]
[PlyCount "73"]
[EventDate "2003.07.21"]
[EventType "swiss"]
[EventRounds "11"]
[EventCountry "GBR"]
[SourceTitle "BritBase"]
[Source "John Saunders"]
[SourceDate "2008.07.14"]
[SourceVersion "1"]
[SourceVersionDate "2008.07.14"]
[SourceQuality "2"]

1. d4 Nf6 2. c4 e6 3. Nc3 Bb4 4. Qc2 c5 5. dxc5 O-O 6. a3 Bxc5 7. Nf3 b6 8. Bf4
Bb7 9. Rd1 Nc6 10. e3 Rc8 11. Be2 Be7 12. O-O Na5 13. b3 a6 14. Qb2 d6 15. Nd2
Qc7 16. Rc1 Nc6 17. Nf3 Ne5 18. Nxe5 dxe5 19. Bg3 Qc6 20. Bf3 e4 21. Be2 Rfd8
22. b4 Qe8 23. Rfd1 h6 24. Qb1 Qc6 25. Rxd8+ Rxd8 26. Rd1 Rxd1+ 27. Qxd1 Kf8
28. h3 Ne8 29. Qd4 f6 30. b5 axb5 31. cxb5 Qc5 32. Qxc5 Bxc5 33. Bb8 Bxa3 34.
Na4 Ke7 35. Nxb6 Nd6 36. Kf1 Bb4 37. Na4 1/2-1/2

[Event "GBR-ch90"]
[Site "Edinburgh"]
[Date "2003.07.22"]
[Round "2.5"]
[White "Rahman, Ziaur"]
[Black "Haslinger, Stewart"]
[Result "1/2-1/2"]
[WhiteElo "2521"]
[BlackElo "2414"]
[PlyCount "126"]
[EventDate "2003.07.21"]
[EventType "swiss"]
[EventRounds "11"]
[EventCountry "GBR"]
[SourceTitle "BritBase"]
[Source "John Saunders"]
[SourceDate "2008.07.14"]
[SourceVersion "1"]
[SourceVersionDate "2008.07.14"]
[SourceQuality "2"]

1. Nf3 d5 2. d4 c6 3. e3 Bf5 4. c4 e6 5. Nc3 Nf6 6. Nh4 Bg6 7. Be2 Nbd7 8. Bd2
Qc7 9. h3 Be7 10. Nxg6 hxg6 11. Qc2 a6 12. cxd5 cxd5 {(=)} 13. Rc1 Rc8 14. Bd3
O-O 15. Qb1 Qd6 16. O-O b5 17. a4 b4 18. Ne2 a5 19. Rxc8 Rxc8 20. Rc1 Rxc1+ 21.
Qxc1 Nb6 22. Qc2 Bd8 23. f3 Qc7 24. b3 Ne8 25. Qd1 Nd7 26. Be1 Nd6 27. Bg3 Qc6
28. Bf2 Bb6 29. Qc2 Qxc2 30. Bxc2 Nf6 31. g4 Kf8 32. Kg2 Nfe8 {(=)} 33. Nf4 Nc7
34. Nd3 g5 35. h4 gxh4 36. Bxh4 f6 37. Bg3 Ke7 38. Nf4 Nce8 39. Bg6 Nf7 40. Kf2
Ba7 41. Ke2 Bb6 42. Nh5 Kf8 43. Bb8 Nc7 44. Bd3 Nd8 45. f4 Nc6 46. Bxc7 Bxc7
47. f5 e5 48. Bb5 Nd8 49. Ba6 exd4 50. exd4 Kf7 51. Bb5 g6 52. fxg6+ Kxg6 53.
Bd7 Kf7 54. Ke3 Ke7 55. Bc8 Ne6 56. Bxe6 Kxe6 57. Ng7+ Kf7 58. Nf5 Ke6 59. Kf3
Bb8 60. Nh4 Ba7 61. Ke3 Bb6 62. Ng2 Ba7 63. Nf4+ Kd6 1/2-1/2

[Event "GBR-ch90"]
[Site "Edinburgh"]
[Date "2003.07.22"]
[Round "2.6"]
[White "Bakre, Tejas"]
[Black "Gallagher, Joseph G"]
[Result "1/2-1/2"]
[WhiteElo "2433"]
[BlackElo "2520"]
[PlyCount "77"]
[EventDate "2003.07.21"]
[EventType "swiss"]
[EventRounds "11"]
[EventCountry "GBR"]
[SourceTitle "BritBase"]
[Source "John Saunders"]
[SourceDate "2008.07.14"]
[SourceVersion "1"]
[SourceVersionDate "2008.07.14"]
[SourceQuality "2"]

1. d4 Nf6 2. c4 g6 3. Nc3 Bg7 4. e4 d6 5. Nf3 O-O 6. Be2 e5 7. O-O Na6 8. Re1
Qe8 9. dxe5 dxe5 10. b3 Qe7 11. Nd5 Qd6 12. Bg5 Nxd5 13. cxd5 h6 14. Be3 f5 15.
Qc1 f4 16. Bd2 g5 17. Bxa6 bxa6 18. Ba5 Rf7 19. Qc6 Qxc6 20. dxc6 g4 21. Nd2 f3
22. Nf1 Be6 23. Ne3 Bf8 24. b4 h5 25. Nd5 Bd6 26. Red1 fxg2 27. Rac1 h4 28.
Kxg2 Raf8 29. Rc2 g3 30. hxg3 Bg4 31. Rd3 h3+ 32. Kg1 Rh7 33. Kh2 Rhf7 34. Rdd2
Bf3 35. Rc4 Bg2 36. Kg1 Bf3 37. Kh2 Bg2 38. Kg1 Bf3 39. Kh2 1/2-1/2

[Event "GBR-ch90"]
[Site "Edinburgh"]
[Date "2003.07.22"]
[Round "2.7"]
[White "Hunt, Adam C"]
[Black "Kunte, Abhijit"]
[Result "1-0"]
[WhiteElo "2395"]
[BlackElo "2515"]
[PlyCount "123"]
[EventDate "2003.07.21"]
[EventType "swiss"]
[EventRounds "11"]
[EventCountry "GBR"]
[SourceTitle "BritBase"]
[Source "John Saunders"]
[SourceDate "2008.07.14"]
[SourceVersion "1"]
[SourceVersionDate "2008.07.14"]
[SourceQuality "2"]

1. e4 e5 2. Nf3 Nc6 3. Bb5 a6 4. Ba4 Nf6 5. O-O Be7 6. Re1 b5 7. Bb3 d6 8. c3
O-O 9. h3 Nb8 10. d4 Nbd7 11. Nbd2 Bb7 12. Bc2 Re8 13. Nf1 Bf8 14. Ng3 g6 15.
b3 Bg7 16. d5 Qe7 17. Be3 c6 18. c4 Rec8 19. Rc1 a5 20. Qd2 Nc5 21. Bxc5 dxc5
22. dxc6 Bxc6 23. cxb5 Bxb5 24. a4 Be8 25. Bd3 Nd7 26. Nf1 Nb6 27. Ne3 Rd8 28.
Qc3 Bh6 29. Bf1 Qb7 30. Qxe5 c4 31. bxc4 Bg7 32. Qg5 Nxa4 33. Nd5 h6 34. Qe3
Qa7 35. c5 Rdc8 36. Nb6 Nxb6 37. cxb6 Qb7 38. e5 Rxc1 39. Rxc1 Rb8 40. Rb1 a4
41. Bc4 Qc6 42. Nd2 a3 43. Qxa3 Rxb6 44. Rxb6 Qxb6 45. Qe7 Qc6 46. e6 f5 47.
Qd8 Kh7 48. h4 h5 49. Nf1 Be5 50. Bd5 Qb5 51. g3 Qb8 52. Qe7+ Kg8 53. Ne3 Bd6
54. Qf6 Be5 55. e7+ Kh7 56. Qf8 Bg7 57. Qg8+ Kh6 58. Bf7 Qb1+ 59. Kh2 f4 60.
gxf4 Bc6 61. Bd5 Qb4 62. Nf5+ 1-0

[Event "GBR-ch90"]
[Site "Edinburgh"]
[Date "2003.07.22"]
[Round "2.8"]
[White "Summerscale, Aaron"]
[Black "Sowray, Peter J"]
[Result "1-0"]
[WhiteElo "2492"]
[BlackElo "2346"]
[PlyCount "59"]
[EventDate "2003.07.21"]
[EventType "swiss"]
[EventRounds "11"]
[EventCountry "GBR"]
[SourceTitle "BritBase"]
[Source "John Saunders"]
[SourceDate "2008.07.14"]
[SourceVersion "1"]
[SourceVersionDate "2008.07.14"]
[SourceQuality "2"]

1. d4 d5 2. Bf4 Nf6 3. e3 c6 4. c4 Bg4 5. Qb3 Qb6 6. Nc3 Nbd7 7. c5 Qxb3 8.
axb3 e5 9. Bg3 exd4 10. exd4 Be7 11. Bd3 Nh5 12. f3 Nxg3 13. hxg3 Be6 14. b4
Bf6 15. Nge2 Kd8 16. b5 Kc7 17. Kd2 h5 18. Ra4 g5 19. b4 Bg7 20. bxc6 bxc6 21.
b5 h4 22. bxc6 Nf6 23. Ra6 hxg3 24. Nb5+ Kd8 25. Rxh8+ Bxh8 26. c7+ Kd7 27.
Rd6+ Ke7 28. Nxa7 Rxa7 29. Rxe6+ Kd7 30. Re7+ 1-0

[Event "GBR-ch90"]
[Site "Edinburgh"]
[Date "2003.07.22"]
[Round "2.9"]
[White "Swathi, Ghate"]
[Black "Pert, Nicholas"]
[Result "1-0"]
[WhiteElo "2299"]
[BlackElo "2483"]
[PlyCount "59"]
[EventDate "2003.07.21"]
[EventType "swiss"]
[EventRounds "11"]
[EventCountry "GBR"]
[SourceTitle "BritBase"]
[Source "John Saunders"]
[SourceDate "2008.07.14"]
[SourceVersion "1"]
[SourceVersionDate "2008.07.14"]
[SourceQuality "2"]

1. e4 e6 2. d4 d5 3. Nc3 Bb4 4. e5 c5 5. a3 Bxc3+ 6. bxc3 Qa5 7. Bd2 Qa4 8. Qg4
g6 9. Qd1 b6 10. Nf3 Ba6 11. Bd3 Bxd3 12. cxd3 Qxd1+ 13. Kxd1 Nd7 14. a4 Ne7
15. a5 bxa5 16. dxc5 Nxc5 17. Be3 Nxd3 18. Kc2 d4 19. Bxd4 Nf4 20. Rxa5 Nxg2
21. Bc5 Nf4 22. Rb1 Nfd5 23. c4 Nc6 24. Ra6 Nde7 25. Rb7 Rc8 26. Nd2 Nf5 27.
Ne4 Ncd4+ 28. Kd3 Rxc5 29. Rb8+ Ke7 30. Rxa7+ 1-0

[Event "GBR-ch90"]
[Site "Edinburgh"]
[Date "2003.07.22"]
[Round "2.10"]
[White "Ahmed, Sk. Nasir"]
[Black "Shaw, John Kerr"]
[Result "1-0"]
[WhiteElo "2283"]
[BlackElo "2480"]
[PlyCount "79"]
[EventDate "2003.07.21"]
[EventType "swiss"]
[EventRounds "11"]
[EventCountry "GBR"]
[SourceTitle "BritBase"]
[Source "John Saunders"]
[SourceDate "2008.07.14"]
[SourceVersion "1"]
[SourceVersionDate "2008.07.14"]
[SourceQuality "2"]

1. e4 c5 2. Nc3 Nc6 3. g3 g6 4. Bg2 Bg7 5. d3 d6 6. Be3 e6 7. Nh3 Rb8 8. O-O b5
9. Qd2 b4 10. Nd1 Bd7 11. Kh1 Qc8 12. f4 Nge7 13. Nhf2 O-O 14. e5 Nf5 15. Ng4
h5 16. Nf6+ Bxf6 17. exf6 Qd8 18. Bf2 Qxf6 19. h3 Nce7 20. a3 b3 21. c4 Bc6 22.
Nc3 d5 23. cxd5 exd5 24. Kh2 Nd4 25. Rae1 Qd6 26. g4 hxg4 27. hxg4 Kg7 28. Bg3
Rh8+ 29. Kg1 Bd7 30. Qe3 Bxg4 31. f5 Nexf5 32. Be5+ f6 33. Bxd6 Nxe3 34. Rxe3
Nf5 35. Rxf5 Bxf5 36. Bxb8 d4 37. Re7+ Kh6 38. Bf4+ g5 39. Bd2 dxc3 40. Bxc3
1-0

[Event "GBR-ch90"]
[Site "Edinburgh"]
[Date "2003.07.22"]
[Round "2.11"]
[White "Barua, Dibyendu"]
[Black "Thomas, Nicholas"]
[Result "1-0"]
[WhiteElo "2561"]
[BlackElo "2281"]
[PlyCount "79"]
[EventDate "2003.07.21"]
[EventType "swiss"]
[EventRounds "11"]
[EventCountry "GBR"]
[SourceTitle "BritBase"]
[Source "John Saunders"]
[SourceDate "2008.07.14"]
[SourceVersion "1"]
[SourceVersionDate "2008.07.14"]
[SourceQuality "2"]

1. e4 e6 2. d4 d5 3. Nd2 c5 4. Ngf3 cxd4 5. exd5 Qxd5 6. Bc4 Qd6 7. Qe2 Nf6 8.
Nb3 Nc6 9. Bg5 a6 10. O-O-O b5 11. Bd3 Be7 12. Rhe1 Bb7 13. Nfxd4 Nxd4 14. Nxd4
Nd5 15. Bxe7 Qxe7 16. Kb1 O-O 17. g3 Qf6 18. f4 Nb6 19. Be4 Bxe4 20. Qxe4 Rad8
21. Nf3 Nc4 22. c3 Rxd1+ 23. Rxd1 Rd8 24. Rxd8+ Qxd8 25. Kc2 h6 26. b3 Nb6 27.
Ne5 Nd5 28. Qd4 Qa5 29. a4 bxa4 30. bxa4 f6 31. Nd3 Kf7 32. Nc5 Qb6 33. f5 Ne7
34. Nxe6 Qa5 35. g4 Nxf5 36. Qd7+ Ne7 37. Nd8+ Kg6 38. Qxe7 Qxa4+ 39. Kb2 Qxg4
40. Ne6 1-0

[Event "GBR-ch90"]
[Site "Edinburgh"]
[Date "2003.07.22"]
[Round "2.12"]
[White "Martyn, Rafe"]
[Black "Kotronias, Vasilios"]
[Result "1/2-1/2"]
[WhiteElo "2266"]
[BlackElo "2602"]
[PlyCount "82"]
[EventDate "2003.07.21"]
[EventType "swiss"]
[EventRounds "11"]
[EventCountry "GBR"]
[SourceTitle "BritBase"]
[Source "John Saunders"]
[SourceDate "2008.07.14"]
[SourceVersion "1"]
[SourceVersionDate "2008.07.14"]
[SourceQuality "2"]

1. d4 Nf6 2. c4 g6 3. Nc3 Bg7 4. Bg5 h6 5. Bh4 c5 6. d5 d6 7. Nf3 O-O 8. e4 a6
9. Nd2 b5 10. cxb5 g5 11. Bg3 Nxe4 12. Ndxe4 f5 13. Be2 fxe4 14. O-O axb5 15.
Bxb5 Bf5 16. Re1 Qa5 17. Be2 Qb4 18. Rb1 Qd4 19. Bb5 Qxd1 20. Rbxd1 Na6 21. a4
Nb4 22. h4 Nc2 23. Rf1 Rab8 24. hxg5 hxg5 25. Rd2 Nb4 26. Re1 Nd3 27. Re3 Bd4
28. Ree2 Bxc3 29. bxc3 c4 30. f3 Nc5 31. Rd4 exf3 32. Rxe7 fxg2 33. Kxg2 Rf6
34. Rxc4 Rc8 35. Re8+ Rxe8 36. Bxe8 Be4+ 37. Kg1 Bxd5 38. Rd4 Bf7 39. Bxf7+
Kxf7 40. Rxd6 Rf3 41. Be5 Nxa4 1/2-1/2

[Event "GBR-ch90"]
[Site "Edinburgh"]
[Date "2003.07.22"]
[Round "2.13"]
[White "Ganguly, Surya Shekhar"]
[Black "Simpson, James"]
[Result "1-0"]
[WhiteElo "2535"]
[BlackElo "2265"]
[PlyCount "117"]
[EventDate "2003.07.21"]
[EventType "swiss"]
[EventRounds "11"]
[EventCountry "GBR"]
[SourceTitle "BritBase"]
[Source "John Saunders"]
[SourceDate "2008.07.14"]
[SourceVersion "1"]
[SourceVersionDate "2008.07.14"]
[SourceQuality "2"]

1. e4 c6 2. d4 d5 3. Nd2 dxe4 4. Nxe4 Bf5 5. Ng3 Bg6 6. h4 h6 7. Nf3 Nd7 8. h5
Bh7 9. Bd3 Bxd3 10. Qxd3 Qc7 11. Bd2 e6 12. O-O-O Ngf6 13. Ne4 Nxe4 14. Qxe4
Nf6 15. Qe2 Bd6 16. Kb1 O-O-O 17. g3 Rhe8 18. c4 Nd7 19. Bc3 Bf8 20. Rhe1 Nf6
21. Ne5 Bd6 22. f4 Ng8 23. Nd3 Qd7 24. g4 Ne7 25. Qe3 g6 26. Ne5 Bxe5 27. dxe5
Qc7 28. Qxa7 Qb8 29. Qc5 b6 30. Rxd8+ Kxd8 31. Qd4+ Kc8 32. hxg6 Nxg6 33. f5
Ne7 34. Qf4 Qb7 35. Rd1 Rd8 36. Rxd8+ Kxd8 37. fxe6 fxe6 38. Qxh6 Kd7 39. Qd2+
Ke8 40. Qh6 Kd7 41. Qh1 Qc8 42. Qe4 Qf8 43. a3 Qf1+ 44. Ka2 c5 45. g5 Ke8 46.
Bd2 Nf5 47. Qc6+ Ke7 48. Qc7+ Ke8 49. Qxb6 Qxc4+ 50. Qb3 Qa6 51. Qb8+ Kd7 52.
g6 Qc4+ 53. Qb3 Qe4 54. Qb5+ Qc6 55. Qxc6+ Kxc6 56. a4 Kd5 57. a5 Kc6 58. b3
Kb5 59. Ka3 1-0

[Event "GBR-ch90"]
[Site "Edinburgh"]
[Date "2003.07.22"]
[Round "2.14"]
[White "Vujatovic, Rajko"]
[Black "Sattar, Reefat Bin"]
[Result "1-0"]
[WhiteElo "2265"]
[BlackElo "2475"]
[PlyCount "73"]
[EventDate "2003.07.21"]
[EventType "swiss"]
[EventRounds "11"]
[EventCountry "GBR"]
[SourceTitle "BritBase"]
[Source "John Saunders"]
[SourceDate "2008.07.14"]
[SourceVersion "1"]
[SourceVersionDate "2008.07.14"]
[SourceQuality "2"]

1. f4 Nf6 2. Nf3 c5 3. b3 g6 4. Bb2 Bg7 5. e3 O-O 6. Be2 d5 7. O-O Nc6 8. Ne5
Nxe5 9. Bxe5 Bd7 10. a4 Rc8 11. d3 Ne8 12. Bxg7 Nxg7 13. Nd2 Nf5 14. Rf3 e5 15.
fxe5 Qg5 16. Nf1 Nh4 17. Rf2 Qxe5 18. d4 Qg7 19. c4 Be6 20. cxd5 Bxd5 21. e4
Bxe4 22. Rf4 Bxg2 23. Rxh4 g5 24. Rg4 Bxf1 25. Bxf1 f5 26. Rg2 cxd4 27. Qh5 h6
28. Bc4+ Kh8 29. h4 g4 30. Rf1 g3 31. Rf3 f4 32. Re2 d3 33. Rxd3 b6 34. Rd6 Rf6
35. Rxf6 Qxf6 36. Qe5 Qxe5 37. Rxe5 1-0

[Event "GBR-ch90"]
[Site "Edinburgh"]
[Date "2003.07.22"]
[Round "2.15"]
[White "Turner, Matthew J"]
[Black "Rendle, Thomas"]
[Result "1-0"]
[WhiteElo "2519"]
[BlackElo "2240"]
[PlyCount "71"]
[EventDate "2003.07.21"]
[EventType "swiss"]
[EventRounds "11"]
[EventCountry "GBR"]
[SourceTitle "BritBase"]
[Source "John Saunders"]
[SourceDate "2008.07.14"]
[SourceVersion "1"]
[SourceVersionDate "2008.07.14"]
[SourceQuality "2"]

1. e4 e6 2. c4 d5 3. cxd5 exd5 4. exd5 Nf6 5. Bb5+ Bd7 6. Bc4 Bd6 7. Nf3 Qe7+
8. Qe2 Qxe2+ 9. Kxe2 O-O 10. d4 Re8+ 11. Be3 Bg4 12. Nc3 Nbd7 13. a3 Nb6 14.
Bb3 Nh5 15. h3 Nf4+ 16. Kd2 Bxf3 17. gxf3 f5 18. h4 g6 19. Rag1 Kh8 20. Nb5 Nh5
21. Nxd6 cxd6 22. Bh6 Re7 23. Re1 Rae8 24. Rxe7 Rxe7 25. a4 a5 26. Bg5 Re8 27.
Re1 Rxe1 28. Kxe1 Nc8 29. Bc4 Kg7 30. Bd8 Nf4 31. Kf1 Kf7 32. Bxa5 Ke7 33. b3
Kd7 34. Bd2 Nh5 35. Bg5 Ng7 36. Ke2 1-0

[Event "GBR-ch90"]
[Site "Edinburgh"]
[Date "2003.07.22"]
[Round "2.16"]
[White "Wells, Peter K"]
[Black "Anderton, Matthew N"]
[Result "1-0"]
[WhiteElo "2481"]
[BlackElo "2237"]
[PlyCount "53"]
[EventDate "2003.07.21"]
[EventType "swiss"]
[EventRounds "11"]
[EventCountry "GBR"]
[SourceTitle "BritBase"]
[Source "John Saunders"]
[SourceDate "2008.07.14"]
[SourceVersion "1"]
[SourceVersionDate "2008.07.14"]
[SourceQuality "2"]

1. Nf3 Nf6 2. c4 e6 3. g3 a6 4. Bg2 b5 5. b3 c5 6. Nc3 Qb6 7. O-O Bb7 8. e3 Be7
9. d4 Ne4 10. Bb2 bxc4 11. Nxe4 Bxe4 12. dxc5 Qb7 13. Bxg7 Rg8 14. Bc3 Bxc5 15.
bxc4 d6 16. Bd4 Nd7 17. Nh4 Bxg2 18. Nxg2 Ke7 19. Nf4 Rac8 20. Rb1 Qe4 21. f3
Qc6 22. Rc1 Rg5 23. Kh1 Nb6 24. Qe2 Bxd4 25. exd4 Nxc4 26. d5 Qc5 27. Nxe6 1-0

[Event "GBR-ch90"]
[Site "Edinburgh"]
[Date "2003.07.22"]
[Round "2.17"]
[White "Ashton, Adam"]
[Black "Vijayalakshmi, Subbaraman"]
[Result "0-1"]
[WhiteElo "2234"]
[BlackElo "2435"]
[PlyCount "106"]
[EventDate "2003.07.21"]
[EventType "swiss"]
[EventRounds "11"]
[EventCountry "GBR"]
[SourceTitle "BritBase"]
[Source "John Saunders"]
[SourceDate "2008.07.14"]
[SourceVersion "1"]
[SourceVersionDate "2008.07.14"]
[SourceQuality "2"]

1. e4 e5 2. Nf3 Nc6 3. Bb5 a6 4. Ba4 Nf6 5. O-O Be7 6. Re1 b5 7. Bb3 d6 8. c3
O-O 9. h3 Nb8 10. d4 Nbd7 11. Nbd2 Bb7 12. Bc2 c5 13. d5 g6 14. Nf1 Nh5 15. Bh6
Ng7 16. Ng3 Kh8 17. a4 c4 18. Qd2 Qc7 19. Ra3 Nc5 20. axb5 axb5 21. Rea1 Rxa3
22. Rxa3 Ra8 23. Rxa8+ Bxa8 24. Nh2 Qa5 25. Qc1 Bb7 26. Ng4 Ne8 27. f4 exf4 28.
Bxf4 Bc8 29. Nh2 Bf6 30. Nf3 Nd7 31. Ne2 b4 32. cxb4 Qxb4 33. Nfd4 Ba6 34. Bd2
Qb6 35. Bc3 Nc5 36. Kh1 Kg8 37. Qa1 Be5 38. Qa5 Qxa5 39. Bxa5 Nf6 40. Nc6 Bxb2
41. Bc3 Bxc3 42. Nxc3 Kf8 43. Kg1 Nfd7 44. Kf2 Ne5 45. Nxe5 dxe5 46. Nd1 h5 47.
h4 Ke7 48. Ke3 Kd6 49. Kd2 Nb7 50. Kc3 Kc5 51. Nb2 Bb5 52. Bd1 Nd6 53. Bf3 Bd7
0-1

[Event "GBR-ch90"]
[Site "Edinburgh"]
[Date "2003.07.22"]
[Round "2.18"]
[White "Arakhamia-Grant, Ketevan"]
[Black "Nixon, Thomas"]
[Result "1-0"]
[WhiteElo "2408"]
[BlackElo "2226"]
[PlyCount "77"]
[EventDate "2003.07.21"]
[EventType "swiss"]
[EventRounds "11"]
[EventCountry "GBR"]
[SourceTitle "BritBase"]
[Source "John Saunders"]
[SourceDate "2008.07.14"]
[SourceVersion "1"]
[SourceVersionDate "2008.07.14"]
[SourceQuality "2"]

1. e4 e5 2. Nf3 Nc6 3. Bb5 a6 4. Ba4 Nf6 5. d3 b5 6. Bb3 Be7 7. a4 b4 8. a5 d6
9. Nbd2 O-O 10. h3 Rb8 11. O-O Nd7 12. Bd5 Na7 13. d4 Bf6 14. Nb3 c6 15. Bc4
Qe7 16. dxe5 dxe5 17. Be3 Nb5 18. Qe2 c5 19. Rfd1 Nd4 20. Bxd4 exd4 21. Re1 d3
22. cxd3 Ne5 23. Rab1 Nxf3+ 24. Qxf3 Bb7 25. Qe3 Rbc8 26. e5 Bg5 27. f4 Bh6 28.
Qg3 Kh8 29. Nd2 f6 30. Ne4 fxe5 31. Ng5 Qd7 32. Rxe5 Qd4+ 33. Qe3 Qxe3+ 34.
Rxe3 Bxg5 35. fxg5 Rf5 36. Rbe1 Bc6 37. Be6 Rxg5 38. Bxc8 Rxg2+ 39. Kf1 1-0

[Event "GBR-ch90"]
[Site "Edinburgh"]
[Date "2003.07.22"]
[Round "2.20"]
[White "McNab, Colin Anderson"]
[Black "Rudd, Jack"]
[Result "1/2-1/2"]
[WhiteElo "2395"]
[BlackElo "2219"]
[PlyCount "125"]
[EventDate "2003.07.21"]
[EventType "swiss"]
[EventRounds "11"]
[EventCountry "GBR"]
[SourceTitle "BritBase"]
[Source "John Saunders"]
[SourceDate "2008.07.14"]
[SourceVersion "1"]
[SourceVersionDate "2008.07.14"]
[SourceQuality "2"]

1. c4 Nf6 2. Nf3 e6 3. g3 b6 4. Bg2 Bb7 5. O-O Be7 6. b3 O-O 7. Bb2 c5 8. d3
Nc6 9. e4 Re8 10. Nc3 d6 11. d4 Rb8 12. d5 exd5 13. exd5 Na5 14. Qc2 Qd7 15.
Ng5 Bc8 16. h4 h6 17. Nge4 Qg4 18. Nb5 Nxe4 19. Qxe4 Qxe4 20. Bxe4 a6 21. Nc3
Bf6 22. Rfe1 Bd7 23. Bd3 b5 24. Rxe8+ Rxe8 25. Rb1 bxc4 26. bxc4 Rb8 27. Bc1
Rxb1 28. Nxb1 Kf8 29. Bd2 Nb7 30. Kf1 Bg4 31. Nc3 Ke7 32. Ke1 Bd4 33. Ne2 Be5
34. Nf4 Bf3 35. Bf5 Kd8 36. Nd3 Bd4 37. Nc1 h5 38. Nb3 Be5 39. Na5 Kc7 40. Nb3
g6 41. Bd3 Bg4 42. Nc1 Kb6 43. Ne2 Bd7 44. Nc3 Bd4 45. Ke2 Bg4+ 46. f3 Bd7 47.
Be1 Kc7 48. Ne4 Kd8 49. Bd2 Ke7 50. Bg5+ f6 51. Bd2 Be5 52. Be1 f5 53. Ng5 Nd8
54. Bc2 Nf7 55. Nh3 Bd4 56. Nf4 Ne5 57. Bb3 Bb2 58. Bd2 Bd4 59. Nh3 Kf7 60. Bg5
Bc3 61. Bd8 Ke8 62. Bf6 Kf7 63. Bd8 1/2-1/2

[Event "GBR-ch90"]
[Site "Edinburgh"]
[Date "2003.07.22"]
[Round "2.21"]
[White "Al Rakib, Abdullah"]
[Black "Gordon, Stephen J"]
[Result "1/2-1/2"]
[WhiteElo "2387"]
[BlackElo "2216"]
[PlyCount "80"]
[EventDate "2003.07.21"]
[EventType "swiss"]
[EventRounds "11"]
[EventCountry "GBR"]
[SourceTitle "BritBase"]
[Source "John Saunders"]
[SourceDate "2008.07.14"]
[SourceVersion "1"]
[SourceVersionDate "2008.07.14"]
[SourceQuality "2"]

1. d4 Nf6 2. c4 e6 3. Nf3 Bb4+ 4. Bd2 Qe7 5. Nc3 Bxc3 6. Bxc3 Ne4 7. Rc1 O-O 8.
g3 d6 9. Bg2 f5 10. O-O a5 11. Be1 Nc6 12. d5 Nd8 13. Nd2 Nc5 14. Nb3 e5 15.
Nxa5 b6 16. b4 Ne4 17. Nb3 Rxa2 18. Rc2 Rxc2 19. Qxc2 Nf7 20. c5 bxc5 21. bxc5
Nxc5 22. Nxc5 dxc5 23. Ba5 Nd8 24. Rc1 Nb7 25. Bd2 e4 26. Be3 Rd8 27. Bxc5 Nxc5
28. Qxc5 Qxc5 29. Rxc5 Bb7 30. Rxc7 Bxd5 31. e3 g6 32. Bf1 Be6 33. Kg2 Rd7 34.
Rc6 Kf7 35. h3 Re7 36. Be2 h5 37. Rc5 Rd7 38. g4 hxg4 39. hxg4 Rd2 40. Bc4 Bxc4
1/2-1/2

[Event "GBR-ch90"]
[Site "Edinburgh"]
[Date "2003.07.22"]
[Round "2.22"]
[White "McDonald, Neil R"]
[Black "Redpath, Joseph"]
[Result "1-0"]
[WhiteElo "2384"]
[BlackElo "2194"]
[PlyCount "77"]
[EventDate "2003.07.21"]
[EventType "swiss"]
[EventRounds "11"]
[EventCountry "GBR"]
[SourceTitle "BritBase"]
[Source "John Saunders"]
[SourceDate "2008.07.14"]
[SourceVersion "1"]
[SourceVersionDate "2008.07.14"]
[SourceQuality "2"]

1. c4 e5 2. Nc3 Nc6 3. Nf3 g6 4. g3 Bg7 5. Bg2 Nge7 6. O-O O-O 7. d3 d6 8. Rb1
a5 9. a3 h6 10. b4 axb4 11. axb4 Be6 12. b5 Na5 13. Bb2 b6 14. Nd2 Rb8 15. Nd5
Qd7 16. Bc3 Nb7 17. Nxe7+ Qxe7 18. Ra1 f5 19. Ra7 Nc5 20. Nb3 e4 21. Nxc5 dxc5
22. Qc2 exd3 23. exd3 Rbd8 {(=)} 24. Re1 Qd6 25. Bxg7 Kxg7 26. Qc3+ Rf6 27. Bc6
Bf7 28. Bd5 Bxd5 29. cxd5 Kf7 30. Re5 Qd7 31. d4 cxd4 32. Qc4 Qd6 33. Rxc7+ Rd7
34. Rxd7+ Qxd7 35. Qxd4 Qxb5 36. d6 Qd7 37. Re7+ Qxe7 38. dxe7 Kxe7 39. Qe3+
1-0

[Event "GBR-ch90"]
[Site "Edinburgh"]
[Date "2003.07.22"]
[Round "2.23"]
[White "McEwan, Ken B"]
[Black "Williams, Simon K"]
[Result "0-1"]
[WhiteElo "2190"]
[BlackElo "2381"]
[PlyCount "49"]
[EventDate "2003.07.21"]
[EventType "swiss"]
[EventRounds "11"]
[EventCountry "GBR"]
[SourceTitle "BritBase"]
[Source "John Saunders"]
[SourceDate "2008.07.14"]
[SourceVersion "1"]
[SourceVersionDate "2008.07.14"]
[SourceQuality "2"]

1. e4 e6 2. d4 d5 3. Nd2 Nf6 4. e5 Nfd7 5. Bd3 c5 6. c3 Nc6 7. Ne2 cxd4 8. cxd4
f6 9. exf6 Nxf6 10. Nf3 Bd6 11. O-O Qc7 12. Bg5 O-O 13. Bh4 Nh5 14. Bg3 Nxg3
15. Nxg3 g6 16. Qe2 Qg7 17. Rad1 Rf4 18. Rfe1 Nxd4 19. Nxd4 Rxd4 20. Bc2 Bd7
21. Bb3 Rf8 22. Rxd4 Qxd4 23. Rd1 Qb6 24. Nf1 Rxf2 25. Qxf2 0-1